[Event "Ruhrgebiet Regionalliga 1112"]
[Site "Nordrheinwestfalen"]
[Date "2012.03.18"]
[Round "8.5"]
[White "Becker, Marco"]
[Black "Berov, Arkady"]
[Result "1-0"]
[WhiteElo "1937"]
[BlackElo "2107"]
[PlyCount "65"]
[EventDate "2011.09.25"]
[EventType "team-tourn"]
[EventRounds "9"]
[EventCountry "GER"]
[SourceTitle "EXT 2020"]
[Source "ChessBase"]
[SourceDate "2019.10.17"]
[SourceVersion "1"]
[SourceVersionDate "2019.10.17"]
[SourceQuality "1"]
[WhiteTeam "Horst Emscher"]
[BlackTeam "Hattingen"]
[WhiteTeamCountry "GER"]
[BlackTeamCountry "GER"]

1. e4 c5 2. g3 Nc6 3. Bg2 g6 4. Ne2 Bg7 5. 0-0 e6 6. d3 Nge7 7. c3 0-0 8. f4 b6 9. Nd2 Ba6 10. c4 d5 11. a3 dxc4 12. Nxc4 Qd7 13. Qc2 Rad8 14. Rd1 Nd4 15. Nxd4 Bxd4+ 16. Kh1 Bg7 17. Rb1 Nc6 18. Qa4 Bb7 19. Be3 Qc7 20. b4 Bd4 21. bxc5 bxc5 22. Bxd4 Rxd4 23. Qb5 Rfd8 24. Qxc5 Rxd3 25. Rxd3 Rxd3 26. e5 Qd8 27. Nd6 Ba8 28. Bxc6 Qc7 29. Rc1 Bxc6+ 30. Qxc6 Rd1+ 31. Kg2 Rxc1 32. Qa8+ Kg7 33. Ne8+ 1-0

[Event "Ruhrgebiet Regionalliga 1112"]
[Site "Nordrheinwestfalen"]
[Date "2011.11.27"]
[Round "4.4"]
[White "Berov, Arkady"]
[Black "Rueberg, Jobst"]
[Result "1/2-1/2"]
[WhiteElo "2107"]
[BlackElo "2079"]
[PlyCount "52"]
[EventDate "2011.09.25"]
[EventType "team-tourn"]
[EventRounds "9"]
[EventCountry "GER"]
[SourceTitle "EXT 2020"]
[Source "ChessBase"]
[SourceDate "2019.10.17"]
[SourceVersion "1"]
[SourceVersionDate "2019.10.17"]
[SourceQuality "1"]
[WhiteTeam "Hattingen"]
[BlackTeam "Ahlen SV"]
[WhiteTeamCountry "GER"]
[BlackTeamCountry "GER"]

1. e4 c5 2. c3 d5 3. exd5 Qxd5 4. d4 Nf6 5. Nf3 e6 6. Na3 Qd8 7. Nc4 Nc6 8. Nce5 Nxe5 9. Nxe5 a6 10. Be2 cxd4 11. Qa4+ Bd7 12. Qxd4 Rc8 13. Nxd7 Qxd7 14. Qxd7+ Nxd7 15. Bf3 Rc7 16. Bf4 e5 17. Be3 Bc5 18. Bxc5 Nxc5 19. 0-0-0 Ke7 20. Rd5 f6 21. Rhd1 g6 22. Kb1 Ne6 23. g3 Rd8 24. h4 b6 25. Bg4 Rxd5 26. Rxd5 Nc5 1/2-1/2

[Event "Ruhrgebiet Regionalliga 1112"]
[Site "Nordrheinwestfalen"]
[Date "2011.09.25"]
[Round "1.5"]
[White "Berov, Arkady"]
[Black "Bastians, Felix"]
[Result "1/2-1/2"]
[WhiteElo "2107"]
[BlackElo "2022"]
[PlyCount "102"]
[EventDate "2011.09.25"]
[EventType "team-tourn"]
[EventRounds "9"]
[EventCountry "GER"]
[SourceTitle "EXT 2020"]
[Source "ChessBase"]
[SourceDate "2019.10.17"]
[SourceVersion "1"]
[SourceVersionDate "2019.10.17"]
[SourceQuality "1"]
[WhiteTeam "Hattingen"]
[BlackTeam "Welper SV"]
[WhiteTeamCountry "GER"]
[BlackTeamCountry "GER"]

1. e4 e6 2. d4 d5 3. Nc3 Bb4 4. Bd3 Ne7 5. Bd2 c5 6. dxc5 Bxc5 7. Nf3 Nbc6 8. 0-0 d4 9. Ne2 e5 10. a3 Ng6 11. c3 Bg4 12. Ne1 0-0 13. h3 Be6 14. Bb5 Qb6 15. Bxc6 Bb3 16. Qb1 bxc6 17. Nd3 Bd6 18. cxd4 exd4 19. Nec1 Rab8 20. Nxb3 Qxb3 21. Rc1 Rfc8 22. Qc2 c5 23. Rab1 Qe6 24. Re1 c4 25. Nb4 Qe5 26. g3 Bc5 27. Kg2 d3 28. Qd1 Qd4 29. Be3 Qxe4+ 30. f3 Qf5 31. Bxc5 Qxc5 32. Na6 Qg5 33. Nxb8 Nf4+ 34. Kh2 Ne2 35. Rxe2 dxe2 36. Qxe2 Rxb8 37. Rd1 h5 38. h4 Qf6 39. Rd2 Rb3 40. Kg2 g6 41. Rc2 c3 42. bxc3 Rxc3 43. Rxc3 Qxc3 44. Qe8+ Kg7 45. a4 Qc2+ 46. Kg1 Qb1+ 47. Kg2 Qa2+ 48. Kg1 Qa1+ 49. Kg2 a6 50. Qc6 Qa2+ 51. Kg1 Qa1+ 1/2-1/2

[Event "Ruhrgebiet Verbandsliga1 1011"]
[Site "Nordrheinwestfalen"]
[Date "2011.03.20"]
[Round "8.4"]
[White "Prueske, Wolfgang"]
[Black "Berov, Arkady"]
[Result "1/2-1/2"]
[WhiteElo "2044"]
[BlackElo "2107"]
[PlyCount "36"]
[EventDate "2011.09.12"]
[EventType "team-tourn"]
[EventRounds "9"]
[EventCountry "GER"]
[SourceTitle "EXT 2020"]
[Source "ChessBase"]
[SourceDate "2019.10.17"]
[SourceVersion "1"]
[SourceVersionDate "2019.10.17"]
[SourceQuality "1"]
[WhiteTeam "Dortmund Hansa III"]
[BlackTeam "Hattingen"]
[WhiteTeamCountry "GER"]
[BlackTeamCountry "GER"]

1. e4 c5 2. c3 Nf6 3. e5 Nd5 4. d4 cxd4 5. Nf3 e6 6. cxd4 d6 7. Bc4 Nb6 8. Bd3 Nc6 9. a3 dxe5 10. dxe5 Nd7 11. Bb5 Qc7 12. Bf4 a6 13. Bxc6 Qxc6 14. 0-0 b5 15. Nc3 Bb7 16. Rc1 Qb6 17. Qe2 Be7 18. Rfd1 Rd8 1/2-1/2

[Event "Ruhrgebiet Verbandsliga1 1011"]
[Site "Nordrheinwestfalen"]
[Date "2011.02.27"]
[Round "7.4"]
[White "Berov, Arkady"]
[Black "Tochtrop, Lothar"]
[Result "1/2-1/2"]
[WhiteElo "2107"]
[BlackElo "1955"]
[PlyCount "32"]
[EventDate "2011.09.12"]
[EventType "team-tourn"]
[EventRounds "9"]
[EventCountry "GER"]
[SourceTitle "EXT 2020"]
[Source "ChessBase"]
[SourceDate "2019.10.17"]
[SourceVersion "1"]
[SourceVersionDate "2019.10.17"]
[SourceQuality "1"]
[WhiteTeam "Hattingen"]
[BlackTeam "Bottrop SV"]
[WhiteTeamCountry "GER"]
[BlackTeamCountry "GER"]

1. e4 c5 2. c3 d6 3. Nf3 Nf6 4. Bc4 e6 5. Qe2 Be7 6. Bb3 0-0 7. 0-0 b6 8. d3 Bb7 9. Bg5 Nc6 10. Nbd2 d5 11. Rad1 dxe4 12. dxe4 Qc7 13. Bc2 Ng4 14. Bxe7 Nxe7 15. h3 Nf6 16. Nc4 Rad8 1/2-1/2

[Event "Ruhrgebiet Verbandsliga1 1011"]
[Site "Nordrheinwestfalen"]
[Date "2010.12.05"]
[Round "4.4"]
[White "Straenger, Petra"]
[Black "Berov, Arkady"]
[Result "1/2-1/2"]
[WhiteElo "1870"]
[BlackElo "2107"]
[PlyCount "31"]
[EventDate "2011.09.12"]
[EventType "team-tourn"]
[EventRounds "9"]
[EventCountry "GER"]
[SourceTitle "EXT 2020"]
[Source "ChessBase"]
[SourceDate "2019.10.17"]
[SourceVersion "1"]
[SourceVersionDate "2019.10.17"]
[SourceQuality "1"]
[WhiteTeam "Muelheim SC"]
[BlackTeam "Hattingen"]
[WhiteTeamCountry "GER"]
[BlackTeamCountry "GER"]

1. d4 d5 2. Nf3 Nf6 3. g3 Bf5 4. Bg2 Qc8 5. 0-0 c6 6. Bf4 h6 7. Nbd2 e6 8. c4 Be7 9. Rc1 0-0 10. Ne5 Nbd7 11. Ndf3 Ne4 12. Nxd7 Qxd7 13. Ne5 Qc8 14. a3 Rd8 15. c5 Bf6 16. f3 1/2-1/2

[Event "Ruhrgebiet VK1 0910"]
[Site "Ruhrgebiet"]
[Date "2010.04.18"]
[Round "9.4"]
[White "Weinert, Christian"]
[Black "Berov, Arkady"]
[Result "1/2-1/2"]
[WhiteElo "1989"]
[BlackElo "2353"]
[PlyCount "80"]
[EventDate "2009.09.06"]
[EventType "team"]
[EventRounds "9"]
[EventCountry "GER"]
[SourceTitle "EXT 2011"]
[Source "ChessBase"]
[SourceDate "2010.11.26"]
[SourceVersion "1"]
[SourceVersionDate "2010.11.26"]
[SourceQuality "1"]
[WhiteTeam "Mengede SG"]
[BlackTeam "Hattingen"]
[WhiteTeamCountry "GER"]
[BlackTeamCountry "GER"]

1. e4 c5 2. Nf3 Nc6 3. g3 g6 4. Bg2 Bg7 5. 0-0 e6 6. d3 Nge7 7. Nbd2 0-0 8. c3 b5 9. Nb3 d6 10. d4 cxd4 11. Nfxd4 a6 12. Bg5 Qc7 13. Bxe7 Nxe7 14. e5 d5 15. f4 Bd7 16. Nc1 Rab8 17. Nd3 Nc8 18. Qe1 Nb6 19. Kh1 Rfc8 20. Rc1 Na4 21. b4 a5 22. Nb3 axb4 23. cxb4 Qa7 24. Ndc5 Be8 25. Rf2 Nb6 26. Qc3 Nc4 27. Qd4 Qa3 28. Qc3 Bf8 29. h3 Qa7 30. Re2 Ra8 31. Rcc2 Qe7 32. Qd4 Qc7 33. h4 Ra3 34. Kh2 h6 35. Bh3 Qe7 36. Rc3 Rd8 37. Rcc2 Qc7 38. Kg2 Bg7 39. Kh2 g5 40. hxg5 hxg5 1/2-1/2

[Event "Ruhrgebiet VK1 0910"]
[Site "Ruhrgebiet"]
[Date "2009.12.06"]
[Round "4.3"]
[White "Berov, Arkady"]
[Black "Laarmann, Gerd"]
[Result "0-1"]
[WhiteElo "2353"]
[BlackElo "1934"]
[PlyCount "68"]
[EventDate "2009.09.06"]
[EventType "team"]
[EventRounds "9"]
[EventCountry "GER"]
[SourceTitle "EXT 2011"]
[Source "ChessBase"]
[SourceDate "2010.11.26"]
[SourceVersion "1"]
[SourceVersionDate "2010.11.26"]
[SourceQuality "1"]
[WhiteTeam "Hattingen"]
[BlackTeam "Rochade Steele/Kray"]
[WhiteTeamCountry "GER"]
[BlackTeamCountry "GER"]

1. e4 e6 2. d4 d5 3. Nc3 Bb4 4. Bd3 dxe4 5. Bxe4 Nf6 6. Bd3 0-0 7. Nf3 b6 8. 0-0 Bb7 9. Bg5 Nbd7 10. Qe2 Be7 11. Rad1 Nd5 12. Bxe7 Qxe7 13. Nxd5 Bxd5 14. Rfe1 Qf6 15. Be4 Bxe4 16. Qxe4 Rfd8 17. Qc6 Rac8 18. c3 Qe7 19. Rd3 Qd6 20. Qe4 Nc5 21. Qe2 Nxd3 22. Qxd3 h6 23. Ne5 c5 24. Qf3 Rc7 25. Re4 cxd4 26. c4 d3 27. h3 d2 28. Qd1 Rc5 29. f4 b5 30. Kh2 f6 31. Ng4 Rxc4 32. Nxh6+ gxh6 33. Qg4+ Kh7 34. Qh5 Rd7 0-1

[Event "GER-chT Seniors 16th"]
[Site "Halle"]
[Date "2007.09.16"]
[Round "4.2"]
[White "Berov, Arkady"]
[Black "Schroeder, Christian"]
[Result "1-0"]
[WhiteElo "2379"]
[BlackElo "2074"]
[PlyCount "115"]
[EventDate "2007.09.13"]
[EventType "team"]
[EventRounds "7"]
[EventCountry "GER"]
[SourceTitle "EXT 2008"]
[Source "ChessBase"]
[SourceDate "2007.11.25"]
[SourceVersion "1"]
[SourceVersionDate "2007.11.25"]
[SourceQuality "1"]

1. d4 d5 2. Nc3 Nf6 3. Bg5 e6 4. e4 dxe4 5. Nxe4 Be7 6. Bxf6 Bxf6 7. Nf3 Be7 8. Qd2 Bd7 9. Bd3 Bc6 10. Qf4 Nd7 11. 0-0 Nf6 12. Ne5 Bxe4 13. Bxe4 c6 14. Rad1 0-0 15. Bd3 g6 16. c3 Nd5 17. Qf3 Qc7 18. Bc4 Bd6 19. Rfe1 Rae8 20. h4 f6 21. Nd3 Qg7 22. Bb3 Kh8 23. c4 Nc7 24. c5 Be7 25. Bxe6 Nxe6 26. Rxe6 Bd8 27. Rxe8 Rxe8 28. g3 f5 29. Nf4 Bf6 30. Qd3 Re4 31. Ne2 Re8 32. b4 Rd8 33. Qc4 Qg8 34. Qxg8+ Kxg8 35. Kg2 Kf7 36. Kf3 h6 37. Ke3 g5 38. hxg5 hxg5 39. Rb1 a6 40. a4 Rd7 41. b5 axb5 42. axb5 Ke6 43. Kd3 Rh7 44. bxc6 bxc6 45. Rb6 Rc7 46. Kc4 Kd7 47. d5 cxd5+ 48. Kxd5 Ke7 49. c6 Rc8 50. Rb7+ Ke8 51. Nc1 Bd8 52. Rh7 Rc7 53. Rh8+ Ke7 54. Nb3 Rc8 55. Nd4 Ra8 56. Nxf5+ Kf6 57. g4 Ra5+ 58. Kd6 1-0

[Event "BL2-West 0203"]
[Site "Germany"]
[Date "2003.03.09"]
[Round "8.3"]
[White "Berov, Arkady"]
[Black "Hendriks, Willy"]
[Result "1/2-1/2"]
[WhiteElo "2393"]
[BlackElo "2418"]
[PlyCount "154"]
[EventDate "2002.10.20"]
[EventType "team-tourn"]
[EventRounds "9"]
[EventCountry "GER"]
[SourceTitle "EXT 2004"]
[Source "ChessBase"]
[SourceDate "2003.11.25"]
[SourceVersion "1"]
[SourceVersionDate "2003.11.25"]
[SourceQuality "1"]
[WhiteTeam "Remagen"]
[BlackTeam "Bochum"]
[WhiteTeamCountry "GER"]
[BlackTeamCountry "GER"]

1. e4 d6 2. d4 Nf6 3. Nc3 g6 4. Nf3 Bg7 5. h3 0-0 6. Be3 a6 7. Qd2 b5 8. Bd3 Bb7 9. a3 e6 10. Bg5 Qc8 11. 0-0 Nbd7 12. Rfe1 e5 13. dxe5 dxe5 14. Bh6 Re8 15. Bxg7 Kxg7 16. Qe3 c5 17. Rad1 Qc7 18. Bf1 Nb6 19. Nd2 Rad8 20. f3 Rd4 21. Nb3 Rc8 22. Qf2 Rxd1 23. Rxd1 c4 24. Nc1 Rd8 25. Rxd8 Qxd8 26. N1e2 Qd6 27. Qe3 Nfd7 28. Kh2 Nc5 29. g3 Ne6 30. Bg2 f6 31. h4 h5 32. Bh3 Nd4 33. Nxd4 Qxd4 34. Qe2 Bc6 35. Bg2 a5 36. Nd1 Na4 37. c3 Qd6 38. Bf1 Bd7 39. Ne3 Be6 40. Kg1 Kf7 41. Kg2 Nc5 42. Qd1 Qxd1 43. Nxd1 f5 44. exf5 Bxf5 45. Kf2 Na4 46. Ke1 Bc2 47. Ne3 Bb3 48. Nd5 Nxb2 49. Nc7 Ba4 50. Kd2 Ke7 51. Be2 Kd6 52. Ne8+ Kc5 53. Nf6 b4 54. axb4+ axb4 55. Ne4+ Kb5 56. Nd6+ Kc6 57. Nxc4 Nxc4+ 58. Bxc4 bxc3+ 59. Kxc3 Bd1 60. f4 exf4 61. gxf4 Kd6 62. Bf7 Ke7 63. Bxg6 Kf6 64. Be4 Bg4 65. Kd4 Be6 66. Ke3 Bd7 67. Bf3 Be8 68. Be2 Bg6 69. Bb5 Bf5 70. Bc6 Be6 71. Bf3 Bf7 72. Be2 Bg6 73. Bd3 Be8 74. Kd4 Bf7 75. f5 Be8 76. Ke4 Bd7 77. Kf4 Bc8 1/2-1/2

[Event "BL2-West 0203"]
[Site "Germany"]
[Date "2003.01.26"]
[Round "5.3"]
[White "Hausrath, Daniel"]
[Black "Berov, Arkady"]
[Result "1-0"]
[WhiteElo "2455"]
[BlackElo "2393"]
[PlyCount "55"]
[EventDate "2002.10.20"]
[EventType "team-tourn"]
[EventRounds "9"]
[EventCountry "GER"]
[SourceTitle "EXT 2004"]
[Source "ChessBase"]
[SourceDate "2003.11.25"]
[SourceVersion "1"]
[SourceVersionDate "2003.11.25"]
[SourceQuality "1"]
[WhiteTeam "Muelheim Nord"]
[BlackTeam "Remagen"]
[WhiteTeamCountry "GER"]
[BlackTeamCountry "GER"]

1. Nf3 c5 2. c4 Nf6 3. Nc3 e6 4. g3 d5 5. cxd5 Nxd5 6. Bg2 Nc6 7. 0-0 Be7 8. d4 0-0 9. Nxd5 Qxd5 10. Be3 Qh5 11. dxc5 e5 12. Qa4 Bg4 13. Rfd1 Rfe8 14. Rd5 Be6 15. Rd2 f5 16. b4 a6 17. b5 axb5 18. Qxb5 Bf6 19. Rad1 g5 20. Rd6 f4 21. Qxb7 fxe3 22. Qxc6 exf2+ 23. Kxf2 e4 24. Rxe6 exf3 25. Qxf3 g4 26. Rxe8+ Rxe8 27. Qxf6 Qxc5+ 28. Kf1 1-0

[Event "BL2-West 0304"]
[Site "Germany"]
[Date "2003.??.??"]
[Round "?.7"]
[White "Berov, Arkady"]
[Black "Backwinkel, Paul"]
[Result "1/2-1/2"]
[WhiteElo "2380"]
[BlackElo "2355"]
[PlyCount "56"]
[EventDate "2003.12.14"]
[EventType "team-tourn"]
[EventRounds "9"]
[EventCountry "GER"]
[SourceTitle "CBM 100 Extra"]
[Source "ChessBase"]
[SourceDate "2004.07.06"]
[SourceVersion "2"]
[SourceVersionDate "2004.07.06"]
[SourceQuality "1"]
[WhiteTeam "Remagen"]
[BlackTeam "Bochum"]
[WhiteTeamCountry "GER"]
[BlackTeamCountry "GER"]

1. e4 e6 2. d4 d5 3. Nc3 Bb4 4. Bd3 dxe4 5. Bxe4 Nf6 6. Bf3 c6 7. Nge2 0-0 8. 0-0 Nbd7 9. Ne4 Nxe4 10. Bxe4 Nf6 11. Bd3 Bd6 12. c3 e5 13. dxe5 Bxe5 14. Bf4 Bxf4 15. Nxf4 Qe7 16. Qf3 Bg4 17. Qg3 Qd7 18. h3 Bf5 19. Rad1 Rad8 20. Qg5 Bxd3 21. Rxd3 h6 22. Qa5 Qe7 23. Re3 Qd6 24. g3 b6 25. Qxa7 Ra8 26. Qxb6 Rfb8 27. Qd4 Qxd4 28. cxd4 Rxb2 1/2-1/2

[Event "Oberliga Sued W 0102"]
[Site "Germany"]
[Date "2002.04.14"]
[Round "?"]
[White "Berov, Arkady"]
[Black "Bastian, Herbert"]
[Result "0-1"]
[WhiteElo "2411"]
[BlackElo "2353"]
[PlyCount "82"]
[EventDate "2001.10.09"]
[EventType "team"]
[EventRounds "9"]
[EventCountry "GER"]
[SourceTitle "EXT 2003"]
[Source "ChessBase"]
[SourceDate "2002.11.25"]
[SourceVersion "1"]
[SourceVersionDate "2002.11.25"]
[SourceQuality "1"]

1. e4 e5 2. Nf3 Nc6 3. Nc3 Nf6 4. d4 exd4 5. Nxd4 Bb4 6. Nxc6 bxc6 7. Bd3 0-0 8. 0-0 Re8 9. Qf3 h6 10. Ne2 d5 11. e5 Ng4 12. Qg3 Nxe5 13. Bxh6 Bf8 14. Bg5 Qd7 15. Nd4 Nxd3 16. cxd3 c5 17. Nb3 Re6 18. Bf4 Rg6 19. Qe3 d4 20. Qf3 Rb8 21. Bg3 Bb7 22. Qh5 Rh6 23. Qd1 Qd5 24. f3 Bd6 25. Rc1 Re8 26. Qc2 Qh5 27. Qf2 Ree6 28. Nd2 f5 29. Bxd6 cxd6 30. h3 Bd5 31. b4 Qe8 32. bxc5 Re3 33. Nb3 dxc5 34. Rxc5 Bxb3 35. axb3 Rg6 36. Rfc1 Qe6 37. Rc8+ Kh7 38. Qh4+ Rh6 39. Qxd4 Re2 40. Qc4 Qe3+ 41. Kh1 Rxh3+ 0-1

[Event "RLP-chT 9899"]
[Site "Germany"]
[Date "1999.01.31"]
[Round "6.1"]
[White "Berov, Arkady"]
[Black "Karst, Elmar"]
[Result "1-0"]
[WhiteElo "2490"]
[BlackElo "2233"]
[PlyCount "73"]
[EventDate "1998.??.??"]
[EventType "team"]
[EventRounds "9"]
[EventCountry "GER"]
[SourceTitle "EXT 2002"]
[Source "ChessBase"]
[SourceDate "2001.11.25"]
[SourceVersion "1"]
[SourceVersionDate "2001.11.25"]
[SourceQuality "1"]

1. e4 g6 2. d4 Bg7 3. Nc3 d6 4. Be3 c6 5. Qd2 Nd7 6. Nf3 Ngf6 7. Bh6 Bxh6 8. Qxh6 Qa5 9. Bd3 b5 10. 0-0 b4 11. Ne2 Ba6 12. Bxa6 Qxa6 13. Ng3 0-0-0 14. a3 b3 15. cxb3 Kb7 16. Rfc1 c5 17. Qd2 Ka8 18. b4 cxb4 19. axb4 Qb7 20. Ra3 Nb6 21. d5 Rc8 22. Rac3 Nfd7 23. Nd4 Nb8 24. Nc6 Nxc6 25. dxc6 Qc7 26. b5 Rcd8 27. Ra1 Kb8 28. Qe1 e6 29. Rca3 Nc8 30. Ra6 d5 31. e5 h5 32. h4 g5 33. b6 Nxb6 34. Rxa7 Qxc6 35. Qb4 Kc8 36. R1a6 Rd7 37. Rxb6 1-0

[Event "RLP-chT 9899"]
[Site "Germany"]
[Date "1999.01.10"]
[Round "5.1"]
[White "Berov, Arkady"]
[Black "Lambert, Andreas"]
[Result "1-0"]
[WhiteElo "2490"]
[BlackElo "2270"]
[PlyCount "103"]
[EventDate "1998.??.??"]
[EventType "team"]
[EventRounds "9"]
[EventCountry "GER"]
[SourceTitle "EXT 2001"]
[Source "ChessBase"]
[SourceDate "2000.11.22"]
[SourceVersion "1"]
[SourceVersionDate "2000.11.22"]
[SourceQuality "1"]

1. e4 c5 2. c3 Nf6 3. e5 Nd5 4. Nf3 e6 5. d4 cxd4 6. Qxd4 Nc6 7. Qe4 f5 8. exf6 Nxf6 9. Qh4 Be7 10. Bd3 Qa5 11. Bg6+ Kf8 12. 0-0 Kg8 13. Bc2 Qh5 14. Qxh5 Nxh5 15. Nbd2 g6 16. Nc4 Kg7 17. Be3 Nf6 18. Rad1 Nd5 19. Bc1 Rd8 20. Rfe1 b6 21. Be4 Nf6 22. Bxc6 dxc6 23. Rxd8 Bxd8 24. Nd4 c5 25. Nxe6+ Bxe6 26. Rxe6 Kf7 27. Re1 Bc7 28. Ne5+ Bxe5 29. Rxe5 Rd8 30. Re1 c4 31. f3 Rd5 32. Be3 Nd7 33. Bd4 b5 34. Kf2 b4 35. Bxa7 Ne5 36. Re2 Nd3+ 37. Ke3 Ra5 38. Bd4 Rxa2 39. cxb4 Nxb4 40. Bc3 Nd5+ 41. Kd4 Nf4 42. Re4 g5 43. g3 Nd3 44. Kxc4 Nxb2+ 45. Kb3 Nd1 46. Kxa2 Nxc3+ 47. Kb3 Nxe4 48. fxe4 Ke6 49. Kc4 Ke5 50. Kd3 h5 51. Ke3 h4 52. Kd3 1-0

[Event "Ruhrgebiet VL2 9798"]
[Site "Ruhrgebiet"]
[Date "1997.??.??"]
[Round "?"]
[White "Sandkamp, Ralph"]
[Black "Berov, Arkady"]
[Result "1-0"]
[WhiteElo "2245"]
[BlackElo "2490"]
[PlyCount "109"]
[EventDate "1997.??.??"]
[EventType "team"]
[EventRounds "9"]
[EventCountry "GER"]
[SourceTitle "EXT 2002"]
[Source "ChessBase"]
[SourceDate "2001.11.25"]
[SourceVersion "1"]
[SourceVersionDate "2001.11.25"]
[SourceQuality "1"]

1. Nf3 d5 2. g3 Nc6 3. Bg2 e5 4. d3 Be6 5. 0-0 f6 6. c3 Qd7 7. b4 a6 8. Nbd2 Nge7 9. e4 d4 10. cxd4 Nxd4 11. Bb2 Nec6 12. Nxd4 Nxd4 13. a3 Rd8 14. Rc1 c6 15. f4 Bg4 16. Nf3 exf4 17. gxf4 Be7 18. Bxd4 Bxf3 19. Rxf3 Qxd4+ 20. Kh1 Qb2 21. Rg3 g6 22. Ra1 Bd6 23. Rb1 Qa2 24. e5 fxe5 25. fxe5 Be7 26. a4 0-0 27. b5 axb5 28. axb5 Rf5 29. bxc6 bxc6 30. Bxc6 Rxe5 31. Qg1 Qe6 32. Be4 Kh8 33. Qg2 Bc5 34. Rb7 Qa6 35. Qb2 Bd4 36. Qb1 Qe6 37. Rf3 Rg5 38. Rf1 Qh3 39. Rbf7 Rh5 40. Qa2 Rc8 41. R7f3 Qd7 42. Rf8+ Rxf8 43. Rxf8+ Kg7 44. Qg8+ Kh6 45. Rf7 Qd6 46. Rxh7+ Kg5 47. Rxh5+ Kxh5 48. Bxg6+ Kh6 49. Qh7+ Kg5 50. h4+ Kf4 51. Qh6+ Kg3 52. Qg5+ Kf2 53. Qd2+ Kf1 54. Be4 Qg3 55. Bg2+ 1-0